Teoría generale del diritto

Enregistré dans:
Détails bibliographiques
Auteur principal: Levi, Alessandro (Auteur)
Format: Livre
Langue:italien
Publié: Padua CEDAM 1967
Collection:Manuali di Scienze Giuridiche
Sujets:
Tags: Ajouter un tag
Pas de tags, Soyez le premier à ajouter un tag!

MARC

LEADER 00000nam a2200000 a 4500
001 UCV2716
003 CL-VaPUC
008 921029e19670000IT |||||||||||||||||ita|d
082 0 4 |a 340.1  |b LEV  |2 21 
100 |a Levi, Alessandro  |e author  |9 296996 
245 1 0 |a Teoría generale del diritto 
300 |a 487 p 
942 |c BK 
945 |d 19921029 00:00:00 
260 |a Padua  |b CEDAM  |c 1967 
650 0 |a Filosofía del derecho   |9 255050 
583 |a last modification  |c 19921029 00:00:00  |k Rodrigo Vera 
490 0 |a Manuali di Scienze Giuridiche 
999 |c 210217  |d 210215 
952 |0 0  |1 0  |4 0  |6 340_100000000000000_LEV_1967  |7 0  |8 DER_ROM  |9 186299  |a BIBDER  |b BIBDER  |d 2019-11-14  |i 2537664  |o 340.1 LEV 1967  |p 2537664  |r 2023-01-25  |w 2019-11-14  |x Ubicación 4to piso  |y BK  |z Este recurso debe solicitarse con anticipación  |k DER